000 01194cab a2200217 4500
001 ABS68401
008 041125n2004 000 0 eng u
035 _a(Sirsi) u128154
100 _aAkenhead, R.
245 _aBlind eyes and bloody kids
260 _c2004
490 _aBuilding
_v269(8356) 5 November 2004, 51(1)
520 _aArgues for contractors to be aware of defects or dangers in their building work even if they do what the contract requires. Relevant cases are mentioned including "Plant construction v Clive Adams Associates" ([2000] BLR 205), where a builder was obliged to warn of a dangerous design defect of which it was aware. In "Gabriel v Kirklees Metropolitan Council" ([2004] EWCA Civ 345) the CA held that a defendant may be liable for damage caused by the deliberate wrongdoing of a third party where a defendant negligently permits or causes a state of danger to be created on their land.
590 _aABS
650 _aDEFECTS AND FAILURES
650 _aPLANT CONSTRUCTION V CLIVE ADAMS ASSOCIATES
650 _aGABRIEL V KIRKLEES METROPOLITAN COUNCIL
650 _aCONTRACTOR LIABILITY
690 _aBUILT ENVIRONMENT-BUILDING PATHOLOGY
942 _n0
999 _c74636
_d74636